| 000 -LEADER |
| fixed length control field |
00581nam a22001937a 4500 |
| 008 - FIXED-LENGTH DATA ELEMENTS--GENERAL INFORMATION |
| fixed length control field |
151013b xxu||||| |||| 00| 0 eng d |
| 020 ## - INTERNATIONAL STANDARD BOOK NUMBER |
| International Standard Book Number |
0321426592 |
| 041 0# - LANGUAGE CODE |
| Language code of text/sound track or separate title |
eng |
| 080 ## - UNIVERSAL DECIMAL CLASSIFICATION NUMBER |
| Universal Decimal Classification number |
311.42 |
| 100 1# - Rafti |
| Rafti |
Sharpe, Norean Radke. |
| 245 10 - TITLE STATEMENT |
| Title |
Business statistics / |
| Statement of responsibility, etc |
Norean R. Sharpe, Richard D. DeVeaux, Paul F. Velleman. |
| 260 ## - |
| -- |
Boston : |
| -- |
Addison Wesley, |
| -- |
2010. |
| 300 ## - |
| -- |
xl, 762, A-70 f. : |
| -- |
me il.; |
| -- |
29 cm. + |
| -- |
1 CD-ROM (4 3/4 in.) |
| 650 #0 - |
| -- |
Statistika |
| 650 #0 - |
| -- |
Biznes |
| 700 1# - |
| -- |
De Veaux, Richard D. |
| 700 1# - |
| -- |
Velleman, Paul F., |
| 942 ## - ADDED ENTRY ELEMENTS (KOHA) |
| Source of classification or shelving scheme |
|
| Item type |
Books |